[Event "Guwahati Sakatam op 1st"]
[Site "Guwahati"]
[Date "2024.03.28"]
[Round "10"]
[White "Tanmay, Rajbongshi"]
[Black "Chandreyee, Hajra"]
[Result "1-0"]
[WhiteElo "1909"]
[BlackElo "1912"]
[PlyCount "153"]
[EventDate "2024.03.23"]
[EventType "swiss"]
[EventRounds "10"]
[EventCountry "IND"]
[SourceTitle "CBM 219 Extra"]
[Source "ChessBase"]
[SourceDate "2024.05.31"]
[SourceVersion "1"]
[SourceVersionDate "2024.05.31"]
[SourceQuality "1"]

1. e4 c5 2. Nf3 d6 3. c3 Nf6 4. h3 Nc6 5. Bd3 g6 6. Bc2 Bg7 7. 0-0 0-0 8. d4 cxd4 9. cxd4 e5 10. Be3 Re8 11. Nc3 exd4 12. Nxd4 a6 13. a3 Nxd4 14. Bxd4 b5 15. Re1 Bb7 16. Qf3 Nd7 17. Bxg7 Kxg7 18. Rad1 Ne5 19. Qg3 Nc4 20. Bb3 Re5 21. Bxc4 bxc4 22. Qe3 f5 23. Qd4 Qf6 24. Qxd6 fxe4 25. Qc7+ Re7 26. Rd7 Rxd7 27. Qxd7+ Qf7 28. Qd4+ Qf6 29. Qxf6+ Kxf6 30. Nxe4+ Bxe4 31. Rxe4 Rc8 32. Kf1 Kf5 33. Re7 h6 34. Ra7 Rc6 35. Ke2 Ke4 36. Kd2 Kd4 37. Rd7+ Kc5 38. f3 Rb6 39. Kc2 Re6 40. Rc7+ Kb5 41. Rd7 Kc5 42. Rc7+ Kb5 43. Kd2 Re5 44. a4+ Kxa4 45. Rc6 Rg5 46. g4 Kb3 47. Rxa6 Rd5+ 48. Kc1 g5 49. Rb6+ Ka4 50. Rxh6 Kb4 51. Kc2 Kc5 52. Rf6 Kd4 53. Rf5 Rd6 54. Rxg5 Rd8 55. Rh5 Rf8 56. Rf5 Rh8 57. g5 Rxh3 58. Rf6 Rh2+ 59. Kb1 Rh1+ 60. Ka2 Rh2 61. Ka3 Rh3 62. Rf4+ Ke5 63. Rxc4 Rxf3+ 64. Ka4 Rg3 65. Rc5+ Kd6 66. b4 Rg4 67. Ka5 Rf4 68. Rb5 Rg4 69. Rb6+ Kc7 70. g6 Rg1 71. Rf6 Kd7 72. Kb6 Ke7 73. Rc6 Rg5 74. b5 Kf8 75. Ka6 Rg1 76. b6 Kg7 77. Kb7 1-0

[Event "Guwahati Sakatam op 1st"]
[Site "Guwahati"]
[Date "2024.03.27"]
[Round "8"]
[White "Snehaal, Roy"]
[Black "Chandreyee, Hajra"]
[Result "0-1"]
[WhiteElo "1738"]
[BlackElo "1912"]
[PlyCount "74"]
[EventDate "2024.03.23"]
[EventType "swiss"]
[EventRounds "10"]
[EventCountry "IND"]
[SourceTitle "CBM 219 Extra"]
[Source "ChessBase"]
[SourceDate "2024.05.31"]
[SourceVersion "1"]
[SourceVersionDate "2024.05.31"]
[SourceQuality "1"]

1. e4 c5 2. Nf3 d6 3. d4 cxd4 4. Nxd4 Nf6 5. Nc3 a6 6. f3 e5 7. Nb3 Be6 8. Be3 Nbd7 9. Qd2 Be7 10. 0-0-0 0-0 11. g4 b5 12. h4 b4 13. Na4 a5 14. Bh3 Qc7 15. g5 Nh5 16. g6 Bxh3 17. gxf7+ Kh8 18. Rxh3 Qc6 19. Qd5 Qxa4 20. Qe6 Bd8 21. Rxd6 Ndf6 22. Nc5 Qb5 23. Nd3 Bc7 24. Bc5 Bxd6 25. Bxd6 Qd7 26. Qxe5 Qxh3 27. Bxf8 Rxf8 28. Qe7 Nd7 29. e5 Rc8 30. Nf2 Qf5 31. Ne4 Nf8 32. Qb7 Qf4+ 33. Kb1 Qxf3 34. a4 b3 35. cxb3 Qd1+ 36. Ka2 Rc1 37. Nc3 Ra1# 0-1

[Event "Titled Tuesday intern op 13th Jun Early"]
[Site "Chess.com INT"]
[Date "2023.06.13"]
[Round "5"]
[White "Acikel, Mert"]
[Black "Chandreyee, Hajra"]
[Result "1-0"]
[WhiteElo "2222"]
[BlackElo "1845"]
[PlyCount "59"]
[EventDate "2023.06.13"]
[EventType "swiss (blitz)"]
[EventRounds "11"]
[EventCountry "USA"]
[SourceTitle "EXT 2024"]
[Source "ChessBase"]
[SourceDate "2023.10.10"]
[SourceVersion "1"]
[SourceVersionDate "2023.10.10"]
[SourceQuality "1"]

1. e4 e6 2. d4 d5 3. Nd2 c5 4. Ngf3 cxd4 5. Nxd4 Nf6 6. Bb5+ Bd7 7. Bxd7+ Nbxd7 8. exd5 Nxd5 9. N2f3 a6 10. 0-0 N7f6 11. c3 Bd6 12. Re1 0-0 13. Qe2 Qc7 14. h3 Rae8 15. Ne5 Nd7 16. Nxd7 Qxd7 17. Qd3 Bb8 18. Bd2 Rc8 19. Rad1 Qc7 20. g3 h5 21. h4 Nf6 22. Bf4 Qc4 23. Bxb8 Qxd3 24. Rxd3 Rxb8 25. Nf3 Rfd8 26. Red1 Rxd3 27. Rxd3 Kf8 28. Ne5 Ke7 29. f3 b5 30. Nc6+ 1-0

[Event "Titled Tuesday intern op 13th Jun Early"]
[Site "Chess.com INT"]
[Date "2023.06.13"]
[Round "4"]
[White "Chandreyee, Hajra"]
[Black "Bryakin, Mikhail"]
[Result "0-1"]
[WhiteElo "1845"]
[BlackElo "2451"]
[PlyCount "96"]
[EventDate "2023.06.13"]
[EventType "swiss (blitz)"]
[EventRounds "11"]
[EventCountry "USA"]
[SourceTitle "EXT 2024"]
[Source "ChessBase"]
[SourceDate "2023.10.10"]
[SourceVersion "1"]
[SourceVersionDate "2023.10.10"]
[SourceQuality "1"]

1. e4 d5 2. exd5 Qxd5 3. Nc3 Qe5+ 4. Be2 Bg4 5. d4 Bxe2 6. Ngxe2 Qa5 7. 0-0 Nf6 8. Bf4 Nc6 9. Qd3 0-0-0 10. a3 Qh5 11. Qg3 Rd7 12. b4 Qg6 13. Rfd1 Qxg3 14. hxg3 e6 15. b5 Na5 16. Na4 b6 17. Nb2 Bd6 18. c4 Bxf4 19. Nxf4 Rhd8 20. Ne2 Nb3 21. Rab1 Nxd4 22. Nxd4 Rxd4 23. Kf1 Ne4 24. Rxd4 Rxd4 25. Rd1 Rxd1+ 26. Nxd1 Nd2+ 27. Ke2 Nxc4 28. a4 c5 29. bxc6 Kc7 30. Kd3 Nd6 31. Ne3 Kxc6 32. Kd4 f6 33. g4 e5+ 34. Kc3 Kc5 35. f3 g6 36. Nc2 a5 37. Ne1 b5 38. Nd3+ Kd5 39. Kb3 Kd4 40. Nf2 b4 41. Nh3 f5 42. gxf5 gxf5 43. Ng5 h5 44. Ne6+ Ke3 45. Nc5 e4 46. fxe4 fxe4 47. Ne6 Kd2 48. Nf4 e3 0-1

[Event "Titled Tuesday intern op 13th Jun Early"]
[Site "Chess.com INT"]
[Date "2023.06.13"]
[Round "6"]
[White "Chandreyee, Hajra"]
[Black "Mompel Ferruz, Xavier"]
[Result "1-0"]
[WhiteElo "1845"]
[BlackElo "2159"]
[PlyCount "69"]
[EventDate "2023.06.13"]
[EventType "swiss (blitz)"]
[EventRounds "11"]
[EventCountry "USA"]
[SourceTitle "EXT 2024"]
[Source "ChessBase"]
[SourceDate "2023.10.10"]
[SourceVersion "1"]
[SourceVersionDate "2023.10.10"]
[SourceQuality "1"]

1. e4 c5 2. Nf3 e6 3. d4 cxd4 4. Nxd4 Nc6 5. Nc3 Qc7 6. Be3 a6 7. f4 d6 8. Qf3 Nf6 9. 0-0-0 Be7 10. Rg1 Bd7 11. g4 h6 12. g5 hxg5 13. fxg5 Ne5 14. Qe2 Nh5 15. Bh3 b5 16. a3 Rc8 17. g6 Nxg6 18. Bxe6 Bxe6 19. Nxe6 fxe6 20. Rxg6 Bf6 21. Bd4 Kf7 22. Rg4 Qc6 23. e5 dxe5 24. Bxe5 Bxe5 25. Qxe5 Nf6 26. Rdg1 Nxg4 27. Rxg4 Rh7 28. Rf4+ Kg8 29. Rf2 Rd8 30. Ne4 a5 31. Rg2 Rc8 32. c3 b4 33. Rc2 Kh8 34. Rg2 bxc3 35. bxc3 1-0

[Event "Titled Tuesday intern op 13th Jun Early"]
[Site "Chess.com INT"]
[Date "2023.06.13"]
[Round "2"]
[White "Mahdavi, Reza"]
[Black "Chandreyee, Hajra"]
[Result "1-0"]
[WhiteElo "2302"]
[BlackElo "1845"]
[PlyCount "93"]
[EventDate "2023.06.13"]
[EventType "swiss (blitz)"]
[EventRounds "11"]
[EventCountry "USA"]
[SourceTitle "EXT 2024"]
[Source "ChessBase"]
[SourceDate "2023.10.10"]
[SourceVersion "1"]
[SourceVersionDate "2023.10.10"]
[SourceQuality "1"]

1. e4 e6 2. d4 d5 3. Nc3 Nf6 4. e5 Nfd7 5. f4 c5 6. Nf3 Nc6 7. Be3 cxd4 8. Nxd4 Qb6 9. Qd2 Qxb2 10. Rb1 Qa3 11. Bb5 Nxd4 12. Bxd4 a6 13. Bxd7+ Bxd7 14. Rb3 Qe7 15. Rxb7 Qh4+ 16. g3 Qg4 17. 0-0 Rc8 18. Rfb1 Bc5 19. Bxc5 Rxc5 20. Rb8+ Rc8 21. Rxc8+ Bxc8 22. Rb8 0-0 23. Qe2 Qxe2 24. Nxe2 Bd7 25. Rb7 Bb5 26. Nd4 Bc4 27. a4 h6 28. Kf2 Kh7 29. Ke3 Kg6 30. g4 h5 31. f5+ exf5 32. gxf5+ Kg5 33. e6 Kf6 34. e7 Re8 35. Nc6 h4 36. Kd4 h3 37. Rd7 g5 38. Rd6+ Kxf5 39. Rd8 Rxe7 40. Nxe7+ Ke6 41. Nxd5 Bxd5 42. Rxd5 g4 43. Ke4 f5+ 44. Rxf5 g3 45. hxg3 h2 46. Rh5 Kf6 47. Rxh2 1-0

[Event "Titled Tuesday intern op 13th Jun Early"]
[Site "Chess.com INT"]
[Date "2023.06.13"]
[Round "7"]
[White "Samarth, J Rao"]
[Black "Chandreyee, Hajra"]
[Result "0-1"]
[WhiteElo "1616"]
[BlackElo "1845"]
[PlyCount "88"]
[EventDate "2023.06.13"]
[EventType "swiss (blitz)"]
[EventRounds "11"]
[EventCountry "USA"]
[SourceTitle "EXT 2024"]
[Source "ChessBase"]
[SourceDate "2023.10.10"]
[SourceVersion "1"]
[SourceVersionDate "2023.10.10"]
[SourceQuality "1"]

1. Nf3 e6 2. c4 f5 3. Nc3 Nf6 4. g3 Be7 5. Bg2 d6 6. 0-0 e5 7. d3 0-0 8. Nd2 Qe8 9. b4 f4 10. a4 Qh5 11. e3 Bg4 12. f3 Bh3 13. g4 Qh6 14. exf4 exf4 15. Nde4 Bxg2 16. Kxg2 Nxe4 17. dxe4 Nc6 18. Nd5 Bg5 19. Bb2 Ne5 20. Bxe5 dxe5 21. Qe2 c6 22. Nc3 Be7 23. c5 a5 24. b5 Kh8 25. Qc4 Rad8 26. Rad1 Qf6 27. Rxd8 Rxd8 28. Rd1 h5 29. Rxd8+ Bxd8 30. Qd3 hxg4 31. fxg4 Be7 32. Qd7 f3+ 33. Kf1 Bxc5 34. Qxb7 Qh4 35. Qc8+ Kh7 36. Qf5+ Kg8 37. Qc8+ Bf8 38. Qe6+ Kh8 39. Qf7 Qh3+ 40. Kf2 Bc5+ 41. Ke1 f2+ 42. Ke2 Qe3+ 43. Kd1 Qd3+ 44. Kc1 Ba3# 0-1

[Event "Titled Tuesday intern op 11th Apr Early"]
[Site "Chess.com INT"]
[Date "2023.04.11"]
[Round "9"]
[White "Chandreyee, Hajra"]
[Black "Skaric, Djuro"]
[Result "1-0"]
[WhiteElo "1807"]
[BlackElo "2334"]
[PlyCount "49"]
[EventDate "2023.04.11"]
[EventType "swiss (blitz)"]
[EventRounds "11"]
[EventCountry "USA"]
[SourceTitle "CBM 213 Extra"]
[Source "ChessBase"]
[SourceDate "2023.05.31"]
[SourceVersion "1"]
[SourceVersionDate "2023.05.31"]
[SourceQuality "1"]

1. e4 d6 2. d4 g6 3. Nc3 Bg7 4. Be3 Nc6 5. Qd2 e5 6. Nf3 h6 7. 0-0-0 Nge7 8. dxe5 dxe5 9. Qxd8+ Nxd8 10. Nb5 Ne6 11. Bc4 c6 12. Nd6+ Kf8 13. Bxe6 fxe6 14. Nc4 g5 15. Rd8+ Kf7 16. Ncxe5+ Kf6 17. Rxh8 Bxh8 18. Bd4 c5 19. Bc3 g4 20. Nxg4+ Kg6 21. Bxh8 Nc6 22. Nge5+ Kh7 23. Nxc6 bxc6 24. Be5 Ba6 25. Rd1 1-0

[Event "Titled Tuesday intern op 04th Apr Early"]
[Site "Chess.com INT"]
[Date "2023.04.04"]
[Round "8"]
[White "Chandreyee, Hajra"]
[Black "Nikologorskiy, Konstantin"]
[Result "0-1"]
[WhiteElo "1807"]
[BlackElo "2413"]
[PlyCount "88"]
[EventDate "2023.04.04"]
[EventType "swiss (blitz)"]
[EventRounds "11"]
[EventCountry "USA"]
[SourceTitle "EXT 2024"]
[Source "ChessBase"]
[SourceDate "2023.10.10"]
[SourceVersion "1"]
[SourceVersionDate "2023.10.10"]
[SourceQuality "1"]

1. e4 c5 2. Nf3 d6 3. d4 cxd4 4. Nxd4 Nf6 5. Nc3 a6 6. Bg5 Nbd7 7. Bc4 Qb6 8. Bb3 e6 9. Qd2 Be7 10. 0-0-0 Nc5 11. Rhe1 Qc7 12. f4 0-0 13. e5 Ne8 14. Bxe7 Qxe7 15. exd6 Nxd6 16. f5 Nxb3+ 17. axb3 Nb5 18. Nd5 Qh4 19. Nb6 Rb8 20. fxe6 Bxe6 21. g3 Qh3 22. Nxb5 axb5 23. Qf2 Rfd8 24. b4 Qg4 25. b3 Qxb4 26. Kb2 g6 27. h4 h5 28. Qf6 Rxd1 29. Rxd1 Qc5 30. Nd7 Bxd7 31. Rxd7 Rf8 32. Ka2 Qxc2+ 33. Ka3 Qc5+ 34. Kb2 b4 35. Qd4 Qf5 36. Qd3 Qf2+ 37. Kb1 Re8 38. Qc2 Re1+ 39. Kb2 Re2 40. Rd8+ Kg7 41. Rg8+ Kxg8 42. Kb1 Rxc2 43. Ka1 Qd2 44. Kb1 Qc1# 0-1

[Event "Titled Tuesday intern op 04th Apr Early"]
[Site "Chess.com INT"]
[Date "2023.04.04"]
[Round "1"]
[White "Flores, Diego"]
[Black "Chandreyee, Hajra"]
[Result "1-0"]
[WhiteElo "2517"]
[BlackElo "1807"]
[PlyCount "35"]
[EventDate "2023.04.04"]
[EventType "swiss (blitz)"]
[EventRounds "11"]
[EventCountry "USA"]
[SourceTitle "EXT 2024"]
[Source "ChessBase"]
[SourceDate "2023.10.10"]
[SourceVersion "1"]
[SourceVersionDate "2023.10.10"]
[SourceQuality "1"]

1. d4 e6 2. c4 f5 3. a3 Nf6 4. Nc3 Be7 5. g3 0-0 6. Bg2 c6 7. d5 d6 8. Nh3 e5 9. 0-0 c5 10. Ng5 h6 11. Ne6 Bxe6 12. dxe6 Nc6 13. e4 fxe4 14. Nxe4 Rb8 15. Be3 Nxe4 16. Bxe4 Bg5 17. Bxg5 hxg5 18. Qh5 1-0

[Event "IND-ch (Women) 48th"]
[Site "Hatkanangale"]
[Date "2023.01.02"]
[Round "8"]
[White "Srija, Seshadri"]
[Black "Chandreyee, Hajra"]
[Result "1-0"]
[WhiteElo "2204"]
[BlackElo "1779"]
[PlyCount "63"]
[EventDate "2022.12.26"]
[EventType "swiss"]
[EventRounds "11"]
[EventCountry "IND"]
[SourceTitle "CBM 212 Extra"]
[Source "ChessBase"]
[SourceDate "2023.03.31"]
[SourceVersion "1"]
[SourceVersionDate "2023.03.31"]
[SourceQuality "1"]

1. f4 d5 2. Nf3 Nh6 3. g3 f6 4. Bg2 Nf7 5. d4 g6 6. b3 Bg7 7. Bb2 0-0 8. 0-0 Nd6 9. Nh4 c6 10. Nd2 g5 11. fxg5 fxg5 12. Rxf8+ Qxf8 13. Nhf3 h6 14. e3 Nd7 15. Qe2 Nf6 16. Ne5 Bf5 17. c4 e6 18. Rf1 Qd8 19. c5 Nde4 20. Nxe4 Bxe4 21. Bxe4 Nxe4 22. Qh5 Qa5 23. Qf7+ Kh8 24. Qxb7 Rg8 25. Qf7 Bxe5 26. dxe5 Qxa2 27. Qxe6 Rg7 28. Rf8+ Kh7 29. Qf5+ Rg6 30. Rf7+ Kh8 31. Qxg6 Qb1+ 32. Rf1 1-0

[Event "IND-ch (Women) 48th"]
[Site "Hatkanangale"]
[Date "2022.12.28"]
[Round "3"]
[White "Chandreyee, Hajra"]
[Black "Anushka, Bapu Kutwal"]
[Result "1/2-1/2"]
[WhiteElo "1779"]
[BlackElo "1509"]
[PlyCount "80"]
[EventDate "2022.12.26"]
[EventType "swiss"]
[EventRounds "11"]
[EventCountry "IND"]
[SourceTitle "CBM 212 Extra"]
[Source "ChessBase"]
[SourceDate "2023.03.31"]
[SourceVersion "1"]
[SourceVersionDate "2023.03.31"]
[SourceQuality "1"]

1. e4 e5 2. Nf3 Nc6 3. c3 d5 4. Qa4 f6 5. Bb5 Nge7 6. 0-0 dxe4 7. Qxe4 Qd5 8. Qxd5 Nxd5 9. d4 exd4 10. Nxd4 Bd7 11. Re1+ Kd8 12. Bxc6 bxc6 13. c4 Nb6 14. b3 Bd6 15. Rd1 c5 16. Nf3 Kc8 17. Be3 Bc6 18. Nc3 Kb7 19. Rac1 Bxf3 20. gxf3 f5 21. Nb5 Kc6 22. b4 Nxc4 23. Nxd6 Nxd6 24. Rxc5+ Kd7 25. Rxf5 Rhf8 26. Ra5 Rxf3 27. Kg2 Rf6 28. Bxa7 Kc8 29. Bb6 Rxa5 30. Bxa5 Kb7 31. Rc1 Rf7 32. a4 c6 33. Bd8 Ne4 34. f3 Nd6 35. Re1 Nf5 36. Re8 Nd6 37. Rh8 h6 38. Bh4 Nf5 39. Bf2 Nd6 40. Rd8 Nc4 1/2-1/2

[Event "Titled Tuesday intern op 02nd Aug Early"]
[Site "Chess.com INT"]
[Date "2022.08.02"]
[Round "11"]
[White "Rodchenkov, Sergey D"]
[Black "Chandreyee, Hajra"]
[Result "0-1"]
[WhiteElo "2346"]
[BlackElo "1812"]
[PlyCount "64"]
[EventDate "2022.08.02"]
[EventType "swiss (blitz)"]
[EventRounds "11"]
[EventCountry "USA"]
[SourceTitle "EXT 2023"]
[Source "ChessBase"]
[SourceDate "2022.10.05"]
[SourceVersion "1"]
[SourceVersionDate "2022.10.05"]
[SourceQuality "1"]

1. e4 e6 2. d4 d5 3. Nc3 Nf6 4. e5 Nfd7 5. f4 c5 6. Nf3 Nc6 7. Be3 cxd4 8. Nxd4 Qb6 9. Qd2 Qxb2 10. Rb1 Qa3 11. Bb5 Nxd4 12. Bxd4 a6 13. Bxd7+ Bxd7 14. Rb3 Qe7 15. Rxb7 Qh4+ 16. g3 Qd8 17. 0-0 Qc8 18. Rb3 Bc5 19. f5 Bxd4+ 20. Qxd4 Qc4 21. Rd1 Qxd4+ 22. Rxd4 Ke7 23. Rb7 Rhb8 24. Rdb4 Rxb7 25. Rxb7 Kd8 26. fxe6 fxe6 27. Ne2 Rc8 28. c3 Rc4 29. Kf2 Ra4 30. Rb2 Re4 31. Rb6 Rxe5 32. Rxa6 Rxe2+ 0-1

[Event "Titled Tuesday intern op 26th Jul Early"]
[Site "Chess.com INT"]
[Date "2022.07.26"]
[Round "5"]
[White "Chandreyee, Hajra"]
[Black "Goltseva, Ekaterina"]
[Result "0-1"]
[WhiteElo "1901"]
[BlackElo "2284"]
[PlyCount "80"]
[EventDate "2022.07.26"]
[EventType "swiss (blitz)"]
[EventRounds "11"]
[EventCountry "USA"]
[SourceTitle "EXT 2023"]
[Source "ChessBase"]
[SourceDate "2022.10.05"]
[SourceVersion "1"]
[SourceVersionDate "2022.10.05"]
[SourceQuality "1"]

1. e4 e5 2. Nf3 Nf6 3. Nxe5 Nxe4 4. Qe2 Qe7 5. Qxe4 d6 6. d4 dxe5 7. Qxe5 Qxe5+ 8. dxe5 Nc6 9. Bb5 Bd7 10. Bxc6 Bxc6 11. 0-0 0-0-0 12. Nc3 Bc5 13. Bf4 Bd4 14. Rfe1 Rhe8 15. Rad1 Bxc3 16. bxc3 h6 17. Rd4 Rd5 18. Red1 Rc5 19. c4 Ra5 20. h4 Rxa2 21. R1d2 b6 22. c5 b5 23. c4 Ra1+ 24. Kh2 b4 25. R4d3 a5 26. Rg3 g6 27. Rb2 h5 28. Rd3 Rd8 29. Rxd8+ Kxd8 30. Bg5+ Kc8 31. f3 Ra3 32. Kg3 b3 33. Kf4 a4 34. g4 Ra2 35. Rb1 Rf2 36. Ke3 Rxf3+ 37. Kd2 hxg4 38. Ra1 b2 39. Rb1 a3 40. Bf6 a2 0-1

[Event "Titled Tuesday intern op 26th Jul Early"]
[Site "Chess.com INT"]
[Date "2022.07.26"]
[Round "8"]
[White "Chandreyee, Hajra"]
[Black "Horcajuelo Rocamora, Martin"]
[Result "1-0"]
[WhiteElo "1901"]
[BlackElo "2107"]
[PlyCount "41"]
[EventDate "2022.07.26"]
[EventType "swiss (blitz)"]
[EventRounds "11"]
[EventCountry "USA"]
[SourceTitle "EXT 2023"]
[Source "ChessBase"]
[SourceDate "2022.10.05"]
[SourceVersion "1"]
[SourceVersionDate "2022.10.05"]
[SourceQuality "1"]

1. e4 e5 2. Nf3 Nc6 3. d4 exd4 4. Bc4 Nf6 5. e5 d5 6. Bb5 Ne4 7. Nxd4 Bd7 8. Bxc6 bxc6 9. 0-0 Bc5 10. f3 Ng5 11. Be3 0-0 12. f4 Ne4 13. Nd2 Nxd2 14. Qxd2 Qb8 15. Nb3 Bxe3+ 16. Qxe3 Bf5 17. Nd4 Bd7 18. f5 c5 19. f6 cxd4 20. Qg5 g6 21. Qh6 1-0

[Event "Titled Tuesday intern op 12th Jul Early"]
[Site "Chess.com INT"]
[Date "2022.07.12"]
[Round "9"]
[White "Medeiros, Francisco de Assis"]
[Black "Chandreyee, Hajra"]
[Result "0-1"]
[WhiteElo "2074"]
[BlackElo "1901"]
[PlyCount "110"]
[EventDate "2022.07.12"]
[EventType "swiss (blitz)"]
[EventRounds "11"]
[EventCountry "USA"]
[SourceTitle "EXT 2023"]
[Source "ChessBase"]
[SourceDate "2022.10.05"]
[SourceVersion "1"]
[SourceVersionDate "2022.10.05"]
[SourceQuality "1"]

1. d3 e6 2. e4 d5 3. Qe2 Nc6 4. Nf3 Nf6 5. g3 dxe4 6. dxe4 e5 7. c3 a5 8. Qc2 Bc5 9. h3 0-0 10. Bb5 Re8 11. Nbd2 Qd6 12. Nc4 Qe7 13. Be3 Bxe3 14. Nxe3 Bd7 15. h4 Nb8 16. Be2 Bc6 17. Nd2 Nbd7 18. 0-0 Nc5 19. Bf3 Rad8 20. a4 Qd7 21. Rfd1 Qd3 22. Qxd3 Nxd3 23. Ndc4 b6 24. b4 axb4 25. cxb4 Nxb4 26. Rxd8 Rxd8 27. a5 Bxe4 28. Bxe4 Nxe4 29. axb6 cxb6 30. Nxb6 Nd3 31. Nbc4 Nexf2 32. Nxe5 Nxe5 33. Kxf2 Rd2+ 34. Ke1 Nf3+ 35. Kf1 h5 36. Ra5 g6 37. Nc4 Rc2 38. Ne5 Nd2+ 39. Ke1 Ne4 40. g4 Rc1+ 41. Ke2 hxg4 42. Nxg4 Rh1 43. Re5 f5 44. Re6 Kf7 45. Re5 fxg4 46. Rxe4 Rxh4 47. Kf2 Kf6 48. Kg3 Rh1 49. Ra4 Rg1+ 50. Kf4 g3 51. Ra6+ Kg7 52. Kf3 Kh6 53. Ra4 Kh5 54. Ra5+ g5 55. Ra2 Kh4 0-1

[Event "IND-ch (Women) 47th"]
[Site "Bhubaneswar"]
[Date "2022.02.28"]
[Round "7"]
[White "Chandreyee, Hajra"]
[Black "Varshini, Veileven"]
[Result "1/2-1/2"]
[WhiteElo "2001"]
[BlackElo "2206"]
[PlyCount "120"]
[EventDate "2022.02.25"]
[EventType "swiss"]
[EventRounds "9"]
[EventCountry "IND"]
[SourceTitle "CBM 207 Extra"]
[Source "ChessBase"]
[SourceDate "2022.05.31"]
[SourceVersion "1"]
[SourceVersionDate "2022.05.31"]
[SourceQuality "1"]

1. e4 c5 2. Nf3 d6 3. d4 cxd4 4. Nxd4 Nf6 5. Nc3 a6 6. Be2 e5 7. Nb3 Be7 8. 0-0 0-0 9. Kh1 b6 10. Be3 Bb7 11. f3 Nbd7 12. a4 Rc8 13. Rf2 Re8 14. Qf1 Ra8 15. Rd1 Qc7 16. Bc4 h6 17. Rfd2 Rec8 18. Bd5 Bxd5 19. exd5 Nh7 20. f4 Nhf6 21. Qf3 Rab8 22. Re2 Qc4 23. Bf2 Ne8 24. Qh3 Qc7 25. fxe5 Nxe5 26. Nd4 Bf8 27. Nf5 Ng6 28. Rd4 Nf6 29. Ne4 Qd8 30. Qf3 Nxe4 31. Rdxe4 Ne5 32. Qh3 Qf6 33. Bh4 g5 34. Be1 Ng6 35. Bc3 Rxc3 36. bxc3 Nf4 37. Rxf4 gxf4 38. Qg4+ Qg5 39. Qxg5+ hxg5 40. Nd4 Bg7 41. Nc6 Ra8 42. c4 Kf8 43. Kg1 a5 44. Re7 Re8 45. Rb7 Bc3 46. Rxb6 Re2 47. h3 Rxc2 48. Rb5 Rc1+ 49. Kf2 Be1+ 50. Ke2 Bc3 51. Nxa5 Bxa5 52. Rxa5 Rxc4 53. Kf3 Rc3+ 54. Kf2 Ke7 55. Ra7+ Kf6 56. Rd7 Rc2+ 57. Kf3 Rc3+ 58. Kf2 Rc2+ 59. Kf3 Rc3+ 60. Kf2 Rc2+ 1/2-1/2

[Event "IND-ch (Women) 47th"]
[Site "Bhubaneswar"]
[Date "2022.02.26"]
[Round "4"]
[White "Bhakti, Kulkarni"]
[Black "Chandreyee, Hajra"]
[Result "1-0"]
[WhiteElo "2388"]
[BlackElo "2001"]
[PlyCount "45"]
[EventDate "2022.02.25"]
[EventType "swiss"]
[EventRounds "9"]
[EventCountry "IND"]
[SourceTitle "CBM 207 Extra"]
[Source "ChessBase"]
[SourceDate "2022.05.31"]
[SourceVersion "1"]
[SourceVersionDate "2022.05.31"]
[SourceQuality "1"]

1. e4 c6 2. Nf3 d5 3. d3 dxe4 4. dxe4 Qxd1+ 5. Kxd1 Bg4 6. Be2 Nd7 7. Ne1 Bxe2+ 8. Kxe2 e5 9. Nd3 Bd6 10. Be3 Ne7 11. Nd2 Bc7 12. a4 a5 13. Rhd1 Nc8 14. c4 0-0 15. c5 g6 16. g4 Ne7 17. Nc4 f5 18. Nf4 exf4 19. Rxd7 Rac8 20. Bd2 f3+ 21. Kf1 Bd8 22. Bg5 fxe4 23. Bxe7 1-0

[Event "IND-ch (Women) 47th"]
[Site "Bhubaneswar"]
[Date "2022.02.25"]
[Round "2"]
[White "Pratyusha, Bodda"]
[Black "Chandreyee, Hajra"]
[Result "1-0"]
[WhiteElo "2328"]
[BlackElo "2001"]
[PlyCount "133"]
[EventDate "2022.02.25"]
[EventType "swiss"]
[EventRounds "9"]
[EventCountry "IND"]
[SourceTitle "CBM 207 Extra"]
[Source "ChessBase"]
[SourceDate "2022.05.31"]
[SourceVersion "1"]
[SourceVersionDate "2022.05.31"]
[SourceQuality "1"]

1. d4 d5 2. c4 e6 3. Nc3 Nf6 4. cxd5 exd5 5. Bg5 Be7 6. e3 c6 7. Bd3 Nbd7 8. Nf3 Nf8 9. 0-0 Ne6 10. Bh4 0-0 11. Rb1 g6 12. b4 Ng7 13. b5 Nf5 14. Bg3 Bd6 15. Bxd6 Nxd6 16. bxc6 bxc6 17. Ne5 Qc7 18. Qa4 c5 19. dxc5 Nde4 20. Qd4 Nxc5 21. Nb5 Qb6 22. Bc2 Ne6 23. Qh4 Kg7 24. Rfc1 Ba6 25. Bd3 Bxb5 26. Bxb5 Qd6 27. Nf3 Rac8 28. Rd1 Qa3 29. Qg3 a6 30. Bf1 Rc2 31. Rb6 a5 32. Qe5 Qc5 33. Rb7 Qc6 34. Rdb1 Re8 35. Qa1 Qc3 36. Qxc3 Rxc3 37. Ra7 Ra3 38. Rb2 Rc8 39. Ne5 Nd8 40. g4 Ra4 41. g5 Ne4 42. h4 Nd6 43. Rd2 Rxh4 44. Rxd5 N8b7 45. Ba6 Rb4 46. Bxb7 Rxb7 47. Rdxa5 Rxa7 48. Rxa7 Rc5 49. f4 Rc2 50. Rd7 Rc1+ 51. Kg2 Nf5 52. Nxf7 Nxe3+ 53. Kf3 Rc3 54. Ne5+ Kg8 55. Rd3 Rxd3 56. Nxd3 Nc4 57. a4 Kg7 58. Ke4 h5 59. gxh6+ Kxh6 60. Kd4 Na5 61. Kc5 Kg7 62. Kb5 Nb3 63. Nc5 Nd4+ 64. Kb6 Ne2 65. Nd3 Nc3 66. a5 Kf6 67. a6 1-0